000 00419nam a2200157Ia 4500
003 GCL
008 140319s9999 xx 000 0 eng d
040 _aGCL /
_cGCL
082 0 4 _a611.01
_bM L
100 1 _aMCMINN, R.M.H
245 1 0 _aLAST'S ANATOMY: REGIONAL AND APPLIED /
_cMCMINN, R.M.H
260 _a[S.N] :
_bELBS WITH CHURCHILL LIVINGSTONE ،
_c1991
300 _a707 P
650 0 4 _aANATOMY
942 _2ddc
_cBK
999 _c19856
_d19856